000 00559nam a22001455i 4500
001 172192
003 ES-MaACL
005 20230906214832.0
008 090617s1900 sp |||| | spa d
110 2 _aTiro Nacional de España.
_bRepresentación de Madrid.
_9140744
245 1 0 _aReglamento para la representación provincial de Madrid del Tiro Nacional
_b: aprobado en la Asamblea Suprema celebrada el día 28 de julio de 1900.
260 _aMadrid :
_b[La Nación Militar],
_c1900 (
_fAvrial)
300 _a16 p. ;
_c16 cm.
852 _aES-MaACL
_jT-1004-F-1
999 _c172192
_d172192